000 00370nam a2200133Ia 4500
005 20260328101527.0
008 260328s9999||||xx |||||||||||||| ||und||
100 _aCampo, Cristian
245 0 _aDiseño de Producto :
_b Diseño para todos los tamaños /
_cCristian Campo
260 _bMaomao Publications
300 _a255 p.
650 _aDISEÑO INDUSTRIAL
942 _cBK
999 _c9820
_d9820